Empty Continents 2078 - Statistics

General Stats
  • This quiz has been taken 6 times
  • The average score is 32 of 218
Answer Stats
Continent Country % Correct
Europe United Kingdom
67%
North America United States Provisional Government
67%
Oceania Australia
50%
North America Canada
50%
Europe Denmark
50%
Europe Norway
50%
Europe (BCSF) Polonia
50%
Europe Russia
50%
Oceania Caretaker Government Of Hawaii
33%
Oceania Cook Islands
33%
Oceania Fiji
33%
North America Greenland
33%
Europe Iceland
33%
Europe Ireland
33%
Europe Italy
33%
Asia Japan
33%
Oceania Kiribati
33%
Oceania Marshall Islands
33%
Oceania New Zealand/Aotearoa
33%
Oceania Niue
33%
Oceania Palau
33%
Oceania Samoa
33%
Asia Singapore
33%
Oceania Solomon Islands
33%
Europe Spain
33%
Oceania Tonga
33%
Oceania Tuvalu Remainer Society
33%
Oceania Vanuatu
33%
Asia Abu Dhabi
17%
North America (Ecolopolis) Aleutian Islands
17%
Asia Andaman Pirates Confederacy
17%
North America (Caribbean Community) Antillean Federation
17%
Asia Arakan
17%
South America Aruboncur
17%
North America Atlantica
17%
South America Bahia
17%
Asia Bahrain
17%
Asia Bangladesh
17%
Africa Banjul
17%
North America Belossinibeya
17%
North America Bermuda
17%
Africa Bioko
17%
Oceania Bougainville
17%
Asia Bountiful
17%
Europe (BCSF) Brittany
17%
Asia Brunei
17%
North America California Provisional Government
17%
North America Canaan
17%
Africa Canarias
17%
South America Catarinense Republic
17%
South America Chiloé
17%
Asia (Zhaoshangju Corridor) Chongming
17%
Oceania Chuuk
17%
Africa Comoros
17%
Europe Corsica
17%
Europe Croatia
17%
North America Cuba
17%
Asia Cyprus
17%
Europe Danubian Confederation
17%
Asia Diu
17%
Africa Djerba
17%
North America Dominican Republic
17%
Oceania Easter Island/Rapa Nui
17%
South America Ecuador
17%
North America Eden
17%
Europe Encalhados
17%
South America Falkland Islands
17%
Europe Faroe Islands
17%
North America Florida
17%
Europe Frisia
17%
North America Gaia
17%
Asia George Town
17%
North America Gonáve
17%
Europe/Africa/Asia Greece
17%
North America Guadeloupe
17%
North America (Ecolopolis) Haida Gwaii
17%
Asia (Zhaoshangju Corridor) Hainan
17%
North America Haiti
17%
Asia (Zhaoshangju Corridor) Hong Kong
17%
Asia/Oceania Indonesia
17%
Africa Islamic Republic Of Zanzibar
17%
North America Islas Marías
17%
North America (Caribbean Community) Jamaica
17%
Asia (Zhaoshangju Corridor) Jeju
17%
North America (Ecolopolis) Kodiak
17%
Asia (Zhaoshangju Corridor) Korea
17%
Oceania Kosrae
17%
Africa Lagos
17%
Asia Lakshadweep
17%
Europe (BCSF) La Manche
17%
Africa Madagascar
17%
Africa Madeira
17%
Europe Malta
17%
North America Martinique
17%
Africa Mauritius
17%
Asia Mergui
17%
Africa Mombasa
17%
Africa Moroccan Liberation Forces
17%
Asia Mumbai
17%
Oceania New Caledonia/Kanaky
17%
Europe (Condominium) Northern Ireland
17%
South America Nueva Esparta
17%
North America Ometepe
17%
Oceania Papua New Guinea
17%
Asia Phuket
17%
Asia Pirallahi
17%
Oceania Pohnpei
17%
Oceania Polynesia
17%
North America Puerto Rico
17%
Asia Qeshmia
17%
North America Qikiqtaaluq
17%
South America Recife
17%
Africa Réunion
17%
Africa Rif
17%
South America Rio De Janeiro
17%
Oceania Rotuma
17%
Africa Saint Louis
17%
North America (Ecolopolis) Saint Paul
17%
Asia Sakhalin
17%
North America (Ecolopolis) Salishia
17%
South America São Paulo
17%
Africa São Tomé And Príncipe
17%
Asia Sarawak
17%
Europe Sardinia
17%
Africa Seychelles
17%
North America Shugliaq
17%
Oceania Sigave
17%
North America (Ecolopolis) Sitka
17%
Africa Socotra
17%
Europe Solovetsky
17%
Asia Sri Lanka
17%
North America Sylvania
17%
Asia (Zhaoshangju Corridor) Taiwan
17%
Asia Tamilakam
17%
Europe The Azores
17%
North America (Caribbean Community) The Bahamas
17%
Asia The Maldives
17%
Oceania The Marianas
17%
North America The Minutemen Republic
17%
Asia The Philippines
17%
South America Tierra Del Fuego
17%
Asia Timor Leste
17%
Oceania Tokelau
17%
North America (Caribbean Community) Trinidad And Tobago
17%
Asia Turkey
17%
Asia Tyre
17%
Africa Ukerewe
17%
Oceania Uvea
17%
North America (Ecolopolis) Vancouver
17%
Europe Venice
17%
Asia Vietnam
17%
Asia Yankeedom
17%
Oceania Yap
17%
Europe Yuzhny
17%
North America (Ecolopolis) Adak
0%
Oceania Alo
0%
South America Amazonas
0%
Asia Andhra
0%
Africa Ascension Island
0%
North America Avalon
0%
Africa Bijagós
0%
North America Bocas
0%
Europe Bornholm
0%
Africa Buvuma
0%
Africa Cabo Verde
0%
North America Cozumel
0%
Africa/Asia Dahlak
0%
South America Galápagos
0%
North America Geechee Nation
0%
North America Gitmoville
0%
North America Great Lakes Federation
0%
Africa Idjwi
0%
Africa Inhaca
0%
South America Jetarktétqal
0%
South America Juan Fernández
0%
North America Judah
0%
Africa Kaswanga
0%
North America (Ecolopolis) Ketchikan
0%
Asia Kibris
0%
North America Kitlineq
0%
Asia Klang
0%
Asia Kochi
0%
Asia Komandorski
0%
Africa Lamu
0%
Asia Langkawi
0%
Africa Likoma
0%
South America Maranhão
0%
Asia Masirah
0%
North America Mayadgard
0%
North America (Ecolopolis) Mercer
0%
North America Moab
0%
Africa Mozambique
0%
Asia Myanmar
0%
Europe (BCSF) New Calais
0%
Oceania Oceania City
0%
Asia Phú Quốc
0%
Europe Pindet
0%
North America Qikiqtaq
0%
Oceania Ratuati Irara
0%
Africa Río Muni
0%
Asia Sabah
0%
Africa Saint Helena
0%
North America Sanikiluaq
0%
Africa Sengchi
0%
Africa Sherbro
0%
Asia Sorath
0%
Asia Srirangapatna
0%
Africa Ssese
0%
North America Texas
0%
Asia Thailand
0%
Asia Tioman
0%
Oceania Torres Strait Islands
0%
Africa Tristan Da Cunha
0%
South America Vitória
0%
North America (Ecolopolis) Waglisla
0%
North America Walpole
0%
Asia (Zhaoshangju Corridor) Zhoushan
0%
North America Zion
0%
No matching quizzes found
Score Distribution
Percent of People with Each Score
Percentile by Number Answered
Your Score History
You have not taken this quiz